Sayyid Abul Hasan ’Ali Nadwi : (Record no. 66965)

MARC details
000 -LEADER
fixed length control field 01281nam a22003017a 4500
005 - DATE AND TIME OF LATEST TRANSACTION
control field 20120521145824.0
008 - FIXED-LENGTH DATA ELEMENTS--GENERAL INFORMATION
fixed length control field 120521t xxu||||| |||| 00| 0 eng d
010 ## - LCCN (DPL NO)
LC control number ENG-105372
020 ## - INTERNATIONAL STANDARD BOOK NUMBER
International Standard Book Number 9788124606117
Terms of availability 700.00
020 ## - INTERNATIONAL STANDARD BOOK NUMBER
International Standard Book Number 8124606110
Terms of availability 700.00
035 ## - SYSTEM CONTROL NUMBER
System control number EN-88905
037 ## - SOURCE OF ACQUISITION
Source of stock number/acquisition DBAD/PUB
040 ## - CATALOGING SOURCE
Original cataloging agency DPL
Language of cataloging Eng
082 ## - DEWEY DECIMAL CLASSIFICATION NUMBER
Classification number 297.092
100 ## - MAIN ENTRY--PERSONAL NAME
9 (RLIN) 47159
Personal name Choughley, Abdul Kader
245 ## - TITLE STATEMENT
Title Sayyid Abul Hasan ’Ali Nadwi :
Statement of responsibility, etc by Abdul Kader Choughley
Remainder of title life and works /
260 ## - PUBLICATION, DISTRIBUTION, ETC. (IMPRINT)
Place of publication, distribution, etc New Delhi
Name of publisher, distributor, etc D.K. Printworld
Date of publication, distribution, etc 2012
270 ## - ADDRESS
Address 'Srikunj', F-52, Bali Nagar, Ramesh Nagar Metro Station
City New Delhi
Postal code 110015
300 ## - PHYSICAL DESCRIPTION
Extent xxvii, 313 p.
Dimensions 23cm(Hb)
490 ## - SERIES STATEMENT
Series statement Islamic heritage in cross-cultural perspective ; no. 7
-- 47592
500 ## - GENERAL NOTE
General note Includes bibliographical references (p. [301]-306) and index.
520 ## - SUMMARY, ETC.
Summary, etc Abulḥasan ʻAlī Nadvī, 1913-1999, Indian Islamic scholar.
600 ## - SUBJECT ADDED ENTRY--PERSONAL NAME
Personal name Nadvī, Abulḥasan ʻAlī
Dates associated with a name 1913-
9 (RLIN) 47587
650 ## - SUBJECT ADDED ENTRY--TOPICAL TERM
Topical term or geographic name as entry element Muslim scholars
Geographic subdivision India
9 (RLIN) 47588
Form subdivision Biography.
650 ## - SUBJECT ADDED ENTRY--TOPICAL TERM
Topical term or geographic name as entry element Islam
Chronological subdivision 20th century.
9 (RLIN) 47589
942 ## - ADDED ENTRY ELEMENTS (KOHA)
Source of classification or shelving scheme Dewey Decimal Classification
Item type English Books
Classification part 297.092
Call number suffix CHO
Holdings
Withdrawn status Lost status Source of classification or shelving scheme Damaged status Not for loan Collection code Home library Current library Date acquired Source of acquisition Cost, normal purchase price Total Checkouts Full call number Barcode Date last seen Copy number Cost, replacement price Koha item type
    Dewey Decimal Classification   Not For Loan Non-fiction D.B.Act.Division D.B.Act.Division 21/05/2012 DBAD/PUB 700.00   297.092 CHO EN-88905 21/05/2012 1 700.00 English Books

© Delhi Public Library
Hit Counter
free hit counter